| 000 -CABECERA |
| campo de control de longitud fija |
00644nam a22001817a 4500 |
| 005 - FECHA Y HORA DE LA ÚLTIMA TRANSACCIÓN |
| campo de control |
20260424210740.0 |
| 008 - DATOS DE LONGITUD FIJA--INFORMACIÓN GENERAL |
| campo de control de longitud fija |
260424b ||||fr|||| 00| 0 eng d |
| 040 ## - FUENTE DE LA CATALOGACIÓN |
| Centro catalogador/agencia de origen |
CENDOC CAAAP |
| Lengua de catalogación |
spa |
| Centro/agencia transcriptor |
CAAAP |
| 041 ## - CÓDIGO DE LENGUA |
| Código de lengua del texto/banda sonora o título independiente |
por |
| 050 ## - SIGNATURA TOPOGRÁFICA DE LA BIBLIOTECA DEL CONGRESO |
| Número de clasificación |
F 22 |
| Número de documento/Ítem |
.F56 |
| 100 1# - ENTRADA PRINCIPAL--NOMBRE DE PERSONA |
| 9 (RLIN) |
2113 |
| Nombre personal |
Flornoy, Bertrand |
| 245 1# - MENCIÓN DE TÍTULO |
| Título |
Haut-Amazone : |
| Subtitulo |
Trois français chez les indiens réducteurs de têtes / |
| Mención de responsabilidad, etc. |
Bertrand Flornoy |
| 250 ## - MENCIÓN DE EDICIÓN |
| Mención de edición |
1ra edición |
| 260 #1 - PUBLICACIÓN, DISTRIBUCIÓN, ETC. |
| Lugar de publicación, distribución, etc. |
Paris, Francia : |
| Nombre del editor, distribuidor, etc. |
Librairie Plon, |
| Fecha de publicación, distribución, etc. |
1939. |
| 300 ## - DESCRIPCIÓN FÍSICA |
| Extensión |
vi, 273 páginas : |
| Otras características físicas |
fotografias, |
| Dimensiones |
21 x 15 cm |
| 650 #0 - PUNTO DE ACCESO ADICIONAL DE MATERIA--TÉRMINO DE MATERIA |
| 9 (RLIN) |
5183 |
| Término de materia o nombre geográfico como elemento de entrada |
Indígenas amazónicos |
| Subdivisión de forma |
Descripción y viajes |
| Subdivisión general |
Etnografía |
| Subdivisión geográfica |
Amazonía |
| 942 ## - ELEMENTOS PERSONALIZADOS KOHA |
| Fuente del sistema de clasificación o colocación |
|
| Fecha de catalogación |
DD - MM - AA |